000 00771nam a2200205Ia 4500
003 GCL
008 140319s9999 xx 000 0 ara d
040 _aGCL /
_cGCL
082 0 4 _a214
_bع ب
100 1 _aعصام الدين محمد على
245 1 0 _aبواكير الثقافة الاسلامية وحركة النقل والترجمة من اواخر القرن الاول حتى منتصف القرن الرابع الهجرى /
_cعصام الدين محمد على
260 _a[S.N] :
_bمنشاة المعارف الاسلامية ،
_c1986
300 _a217 ص
490 _a
650 0 4 _aالاسلام والحضارة
650 0 4 _aالحضارة
650 0 4 _aالثقافة الاسلامية
650 0 4 _aالترجمة
942 _2ddc
_cBK
999 _c32052
_d32052